000 00285nam a22001097a 4500
005 20251013094006.0
008 251013b |||||||| |||| 00| 0 eng d
040 _cPK-LaNCA
082 _a721
_bLEO
245 _aLeopold Eidlitz: architecture and idealism inthe gilded age
942 _cBK
999 _c66965
_d66965